Länder, die mit P beginnen - Statistiken

Allgemein
  • Dieses Quiz wurde 43 mal gespielt
  • Das Durchschnittsergebnis liegt bei 8 aus 9
Antwortstatistiken
Land % Korrekt
Polen
100%
Portugal
95%
Paraguay
86%
Peru
86%
Pakistan
84%
Panama
84%
Papua-Neuguinea
78%
Palau
73%
Philippinen
73%
Keine übereinstimmenden Quizze gefunden
Verteilung der Resultate
Anzahl Personen mit jedem Resultat
Perzentil nach korrekt beantworteten Fragen
Ihre Resultats-Entwicklung
Sie haben dieses Quiz noch nicht gespielt